000 00892nam a2200289Ia 4500
003 OSt
005 20221006141156.0
006 a|||||r|||| 00| 0
007 ta
008 221006b |||||||| |||| 00| 0 eng d
024 _a1,478
037 _cDissertations
040 _aEASL
_cEASL
_beng
041 _2eng
_aeng
082 _a0000051, DHA
100 _aDhawan Poonam
_9644676
110 _aDelhi University. Social Sciences. Chinese and Japanese Studies
_9644677
245 0 _aParty's politics towards intellectuals in China K.R. Sharma
260 _c1988
300 _a182p.
_ccm.
490 _v Dis
500 _aBoth Acc. Nos. are of same dissertation
650 _aDiss
_9644678
700 _aDelhi University. Social Sciences. Chinese and Japanese Studies
_9644679
942 _h0000051, DHA
_cDIS
_2CC
999 _c1069564
_d1069564